000 00332nam a22001457a 4500
008 230907b ||||| |||| 00| 0 eng d
020 _a9780465006847
041 _aeng
080 _a574
082 _a574
100 _a44
101 _aMJEDISI
245 _aREADING THE ROCKS
_cTHE AUTOBIOGRAPHY OF THE EARTH
942 _2udc
_cBK
999 _c60295
_d60295